00309pab a2200133 454500008004000000100001700040245003600057260000900093300001200102362000800114650003100122650001100153773001100164180718b2001 xxu||||| |||| 00| 0 eng d aDas, Jayanta aBudget: manifold responsibility c2001 ap.10,23 aApr aBudget - India - 2001-2002 aBudget aYojana